| 000 | 00775nam a2200241 a 4500 | ||
|---|---|---|---|
| 999 |
_c3294 _d3294 |
||
| 001 | 3294 | ||
| 003 | BD-JhCC | ||
| 005 | 20171112175029.0 | ||
| 008 | 171112s1985 bg |||| ||a| 000 0 ben d | ||
| 035 | _a(BD-JhCC)3294 | ||
| 040 |
_aBD-JhCC _dBD-JhCC |
||
| 041 | _aben | ||
| 082 |
_a411 _bSID 1985 |
||
| 100 | _aসিদ্দিকী, জিল্লুর রহমান | ||
| 245 |
_aঅনুবাদ / _cজিল্লুর রহমান সিদ্দিকী |
||
| 260 |
_aঢাকা : _bবাংলা একাডেমী, _c1985. |
||
| 300 |
_a109 p. : _c18 cm. |
||
| 490 | _aSeries in honour of the martyrs of the Language Movement of February 1952. | ||
| 650 | _aTranslation | ||
| 650 | _aNuclear Physics | ||
| 942 |
_2ddc _cBK |
||